| 000 | 003320000a22001450004500 | ||
|---|---|---|---|
| 003 | MACL | ||
| 040 | _aMACL | ||
| 090 |
_c31416 _d31414 |
||
| 100 | _aSingh, Singh | ||
| 245 |
_aInternet _bConcept , Problems & Solutions |
||
| 260 |
_bAsian Publishers _c2000 |
||
| 350 | _a199 | ||
| 650 | _aComputer Science | ||
| 942 |
_cBOOK _k004.6/SIN |
||
| 999 |
_c31101 _d31101 |
||